[Event "Koge Bugt Summer"]
[Site "Solrod"]
[Date "2011.09.14"]
[Round "5.5"]
[White "Orup, Kim"]
[Black "Christensen, Peter"]
[Result "1/2-1/2"]
[WhiteElo "1662"]
[BlackElo "1229"]
[PlyCount "94"]
[EventDate "2011.08.17"]
[EventType "swiss"]
[EventRounds "7"]
[EventCountry "DEN"]
[SourceTitle "EXT 2023"]
[Source "ChessBase"]
[SourceDate "2022.10.05"]
[SourceVersion "1"]
[SourceVersionDate "2022.10.05"]
[SourceQuality "1"]

1. e4 c5 2. f4 d6 3. Nf3 e6 4. Bb5+ Bd7 5. Bxd7+ Qxd7 6. d3 Nc6 7. Nc3 g6 8. Ne2 Bg7 9. c3 Nge7 10. 0-0 0-0 11. h3 f5 12. Ng3 Kh8 13. Ng5 Nd8 14. Qb3 a6 15. h4 Bf6 16. exf5 Nxf5 17. Nxf5 exf5 18. Bd2 Bxg5 19. hxg5 Ne6 20. Rae1 Ng7 21. Qd1 Rae8 22. Kf2 Nh5 23. Rh1 Rxe1 24. Qxe1 Re8 25. Qd1 Qb5 26. Bc1 Qd7 27. b3 d5 28. d4 c4 29. bxc4 dxc4 30. Re1 Re4 31. Rxe4 fxe4 32. d5 Qf5 33. Qd4+ Kg8 34. Qe5 e3+ 35. Qxe3 Qxd5 36. Qe8+ Kg7 37. Qe5+ Qxe5 38. fxe5 Kf7 39. g4 Ng7 40. Ke3 Ne6 41. Ke4 Nc7 42. Kd4 b5 43. Kc5 Ke6 44. Kb6 Nd5+ 45. Kxa6 Nxc3 46. a3 Kd5 47. Ka5 Ke6 1/2-1/2

[Event "Koge Bugt Spring"]
[Site "Solrod"]
[Date "2011.05.04"]
[Round "4.1"]
[White "Nielsen, Kai Gylling"]
[Black "Orup, Kim"]
[Result "0-1"]
[WhiteElo "1881"]
[BlackElo "1821"]
[PlyCount "154"]
[EventDate "2011.03.30"]
[EventType "swiss"]
[EventRounds "7"]
[EventCountry "DEN"]
[SourceTitle "EXT 2023"]
[Source "ChessBase"]
[SourceDate "2022.10.05"]
[SourceVersion "1"]
[SourceVersionDate "2022.10.05"]
[SourceQuality "1"]

1. e4 e5 2. Nf3 d6 3. d4 Bg4 4. Be2 Bxf3 5. Bxf3 exd4 6. Qxd4 Nc6 7. Qa4 Qd7 8. Nd2 Ne5 9. Qb3 Qc6 10. 0-0 Nf6 11. Re1 Be7 12. Nf1 h6 13. Bf4 Nfd7 14. Rac1 Bg5 15. Bxg5 hxg5 16. Ng3 g6 17. Be2 a6 18. Qe3 f6 19. b3 Kf7 20. f4 gxf4 21. Qxf4 Qc5+ 22. Kh1 Rh7 23. Rf1 Rah8 24. h3 Kg7 25. c3 Rh4 26. Qf2 Qxf2 27. Rxf2 Nc5 28. Rcf1 Nxe4 29. Nxe4 Rxe4 30. Kg1 f5 31. Bf3 Nxf3+ 32. Rxf3 Rhe8 33. Kh2 Re2 34. a4 Rb2 35. b4 Ree2 36. Rg3 Kf6 37. h4 c5 38. bxc5 dxc5 39. Rf4 b5 40. Kh3 Ke5 41. Rff3 Kf6 42. Rd3 Rbd2 43. axb5 axb5 44. Rdf3 b4 45. cxb4 cxb4 46. Rf4 Re4 47. Rff3 Rdd4 48. Kh2 Rxh4+ 49. Kg1 g5 50. Rf1 Rc4 51. Rgf3 Rhf4 52. Rxf4 Rxf4 53. Rc1 b3 54. Rc6+ Ke5 55. Rb6 Rd4 56. Rxb3 g4 57. g3 Ke4 58. Kf2 Rd2+ 59. Ke1 Rd3 60. Rb4+ Ke3 61. Rf4 Ra3 62. Kd1 Kd3 63. Kc1 Ke2 64. Rxf5 Rxg3 65. Kc2 Rf3 66. Re5+ Re3 67. Rg5 g3 68. Rg6 Kf1 69. Rf6+ Ke1 70. Rg6 Kf2 71. Kd2 Re5 72. Rf6+ Kg2 73. Rf7 Kg1 74. Rf6 g2 75. Rf4 Kh2 76. Rh4+ Kg3 77. Rh7 Rg5 0-1

[Event "Koge Bugt Spring"]
[Site "Solrod"]
[Date "2011.04.06"]
[Round "2.7"]
[White "Orup, Kim"]
[Black "Traerup, Jorgen"]
[Result "1-0"]
[WhiteElo "1821"]
[BlackElo "1725"]
[PlyCount "47"]
[EventDate "2011.03.30"]
[EventType "swiss"]
[EventRounds "7"]
[EventCountry "DEN"]
[SourceTitle "EXT 2023"]
[Source "ChessBase"]
[SourceDate "2022.10.05"]
[SourceVersion "1"]
[SourceVersionDate "2022.10.05"]
[SourceQuality "1"]

1. e4 e5 2. Bc4 Nf6 3. Nc3 Be7 4. d3 0-0 5. Nf3 d6 6. h3 Nc6 7. Ne2 a6 8. a3 Bd7 9. Be3 Qc8 10. Nh2 Be6 11. Bxe6 Qxe6 12. g4 Kh8 13. Ng3 Ng8 14. Nf5 h6 15. Qd2 g5 16. Nf3 Kh7 17. h4 f6 18. hxg5 fxg5 19. Bxg5 Qg6 20. Bxh6 Rxf5 21. Bf8+ Nh6 22. Rxh6+ Qxh6 23. Qxh6+ Kg8 24. Qg7# 1-0

[Event "Lovsprings op 09th E"]
[Site "Ringsted"]
[Date "1997.05.16"]
[Round "7"]
[White "Jensen, Soren3333"]
[Black "Orup, Kim"]
[Result "1/2-1/2"]
[WhiteElo "1067"]
[BlackElo "1223"]
[PlyCount "107"]
[EventDate "1997.03.14"]
[EventType "swiss"]
[EventRounds "7"]
[EventCountry "DEN"]
[SourceTitle "EXT 2023"]
[Source "ChessBase"]
[SourceDate "2022.10.05"]
[SourceVersion "1"]
[SourceVersionDate "2022.10.05"]
[SourceQuality "1"]

1. e4 c5 2. Bc4 Nc6 3. d3 Nf6 4. b3 e6 5. Bb2 d5 6. exd5 Nxd5 7. Qf3 Nd4 8. Bxd4 cxd4 9. Bxd5 Qxd5 10. Qxd5 exd5 11. Ne2 Bb4+ 12. Nd2 0-0 13. 0-0-0 Bc3 14. Nf3 Bg4 15. Nfg1 a5 16. f3 Be6 17. Nxc3 dxc3 18. Ne2 Rfc8 19. Nf4 d4 20. Nxe6 fxe6 21. Rhe1 Re8 22. Re4 Rad8 23. Rde1 Kf7 24. Re5 b6 25. Rb5 Rd6 26. a4 Kf6 27. Ree5 Red8 28. g4 h6 29. h4 Rd5 30. Rbxd5 Rxd5 31. Re4 e5 32. Kd1 g5 33. hxg5+ hxg5 34. Re1 Rd8 35. Rh1 Kg6 36. Rh5 Rf8 37. Ke2 Rf7 38. Rh8 Kg7 39. Re8 Kf6 40. Rh8 Kg7 41. Rh5 Kg6 42. Rh8 Rh7 43. Rxh7 Kxh7 44. Kd1 Kg6 45. Kc1 Kf6 46. Kb1 Ke6 47. Ka2 Kd6 48. Ka3 Kc5 49. Ka2 Kb4 50. Ka1 b5 51. axb5 Kxb5 52. Ka2 Kb4 53. Ka1 Ka3 54. Kb1 1/2-1/2

[Event "Lovsprings op 08th E"]
[Site "Ringsted"]
[Date "1996.04.26"]
[Round "7"]
[White "Orup, Kim"]
[Black "Nielsen, Henning2222"]
[Result "0-1"]
[WhiteElo "1241"]
[BlackElo "1156"]
[PlyCount "112"]
[EventDate "1996.03.08"]
[EventType "swiss"]
[EventRounds "7"]
[EventCountry "DEN"]
[SourceTitle "EXT 2023"]
[Source "ChessBase"]
[SourceDate "2022.10.05"]
[SourceVersion "1"]
[SourceVersionDate "2022.10.05"]
[SourceQuality "1"]

1. e4 e5 2. Nf3 Nc6 3. Bb5 Nge7 4. Nc3 a6 5. Bc4 Ng6 6. d3 Na5 7. Nd2 b5 8. Bb3 c6 9. Qf3 f6 10. Qh5 Bb4 11. 0-0 Bxc3 12. bxc3 Nxb3 13. cxb3 0-0 14. g3 d6 15. Qe2 Be6 16. Nf3 Qd7 17. Qe3 c5 18. c4 b4 19. a4 Bh3 20. Re1 Qg4 21. Nd2 f5 22. f3 Qh5 23. Qf2 f4 24. Nf1 fxg3 25. Nxg3 Qxf3 26. Qxf3 Rxf3 27. Re3 Raf8 28. Bd2 Rxe3 29. Bxe3 Rf3 30. Re1 Nf4 31. Bxf4 exf4 32. Nh5 Kf7 33. Kh1 g6 34. Ng3 fxg3 35. hxg3 Rf1+ 36. Rxf1+ Bxf1 37. d4 cxd4 38. Kg1 Be2 39. Kf2 d3 40. Ke3 Ke6 41. a5 g5 42. g4 Kf6 43. Kd2 Kg6 44. e5 dxe5 45. c5 Bxg4 46. Kxd3 Bd7 47. Ke4 Kf6 48. Kd5 Be6+ 49. Kc6 e4 50. Kb6 e3 51. Kxa6 e2 52. c6 e1Q 53. Kb7 Bd5 54. a6 Qe7+ 55. Kc8 Bxc6 56. Kb8 Qd7 0-1